[Event "Invitation"]
[Site "http://www.queenalice.com/game.php?id=1158088"]
[Date "2013.3.5"]
[Round "-"]
[White "Bradock"]
[Black "thiagobrumchess"]
[Result "0-1"]
[WhiteElo "1671"]
[BlackElo "1748"]

1. e4 e5 2. Nf3 Nc6 3. Bb5 Nge7 4. O-O a6 5. Ba4 b5 6. Bb3 Ng6 7. a4 Na7 8. d4
Bb7 9. dxe5 Bxe4 10. Ng5 Nxe5 0-1

[Event "AUTO-ADV-2820"]
[Site "http://www.queenalice.com/game.php?id=1171837"]
[Date "2013.4.15"]
[Round "1"]
[White "elijose"]
[Black "thiagobrumchess"]
[Result "1-0"]
[WhiteElo "1817"]
[BlackElo "1678"]

1. d4 d5 2. Nf3 Nf6 3. e3 Nc6 4. Bd3 Bg4 5. Nbd2 e6 6. h3 Bh5 7. c3 Bd6 8. O-O
O-O 9. Qc2 Qe7 10. Re1 Rad8 11. e4 e5 12. exd5 Nb8 13. dxe5 Bxf3 14. Nxf3 Bxe5
15. Nxe5 Qd6 16. Nc4 Nxd5 17. Nxd6 Rxd6 18. Bxh7+ Kh8 19. Be4 Re8 20. Bg5 c6 21.
Qe2 f6 22. Bd2 Rde6 23. Qh5+ Kg8 24. Bg6 Rxe1+ 25. Rxe1 Ne7 26. Bxe8 Nd5 27.
Bf7+ Kf8 28. Re8# 1-0

[Event "AUTO-ADV-2820"]
[Site "http://www.queenalice.com/game.php?id=1171838"]
[Date "2013.4.15"]
[Round "1"]
[White "thiagobrumchess"]
[Black "elijose"]
[Result "0-1"]
[WhiteElo "1668"]
[BlackElo "1825"]

1. e4 e6 2. Nf3 d5 3. e5 c5 4. c3 Nc6 5. d4 cxd4 6. cxd4 Nge7 7. Bb5 Bd7 8. O-O
Qb6 9. Nc3 Nf5 10. Bxc6 Bxc6 11. Re1 Be7 12. a3 O-O 13. Rb1 Rac8 14. Bg5 Bxg5
15. Nxg5 h6 16. Nh3 Qxd4 17. Qf3 a6 18. Rbd1 Qb6 19. Rd2 Rfd8 20. b4 d4 21. Qd3
dxc3 22. Qxc3 Rxd2 23. Qxd2 Qd4 24. Qe2 Rd8 25. Kh1 Qc3 26. f4 Rd2 27. Qg4 Rxg2
28. Qd1 Rg3+ 29. Qf3 Qxf3# 0-1

[Event "AUTO-ADV-2820"]
[Site "http://www.queenalice.com/game.php?id=1171849"]
[Date "2013.4.15"]
[Round "1"]
[White "biskydad"]
[Black "thiagobrumchess"]
[Result "1-0"]
[WhiteElo "1778"]
[BlackElo "1718"]

1. d4 d5 2. c4 c6 3. Nc3 e6 4. f3 Be7 5. e4 Nd7 6. Bd3 Bb4 7. Ne2 Ne7 8. a3 Ba5
9. b4 Bb6 10. a4 a5 11. Ba3 O-O 12. c5 Bc7 13. b5 Ng6 14. g3 Qe7 15. b6 Bb8 16.
Qd2 Nf6 17. O-O-O Rd8 18. e5 Nh5 19. g4 Nf6 20. exf6 Qxf6 21. Rdf1 Nf4 22. h4
Bd7 23. g5 Qe7 24. Nxf4 Bxf4 25. Qxf4 Rf8 26. h5 f6 27. g6 h6 28. Re1 Rae8 29.
Qd6 Qd8 30. Nb5 Qb8 31. Nc7 Rd8 32. Nxe6 Bxe6 33. Qxe6+ Kh8 34. Kb1 Rde8 35. Qg4
Rd8 36. Re7 Rfe8 37. Rf7 Re3 38. Kc2 Rde8 39. Qd7 Rg8 40. Bc1 Rxf3 41. Bxh6 Rf2+
42. Kc3 Qf4 43. Bxf4 Rxf4 44. h6 gxh6 45. Rxh6# 1-0

[Event "AUTO-ADV-2820"]
[Site "http://www.queenalice.com/game.php?id=1171850"]
[Date "2013.4.15"]
[Round "1"]
[White "thiagobrumchess"]
[Black "biskydad"]
[Result "0-1"]
[WhiteElo "1735"]
[BlackElo "1708"]

1. e4 c5 2. Nf3 Nc6 3. Bc4 e6 4. O-O Be7 5. Nc3 d6 6. d4 cxd4 7. Ne2 e5 8. c3 h6
9. cxd4 exd4 10. Nexd4 Nf6 11. Re1 O-O 12. Ne2 Nxe4 13. Qc2 Bf5 14. Nc3 Nxc3 15.
Qxc3 Bf6 16. Qb3 Na5 17. Qd3 Bxd3 18. Bxd3 Qb6 19. Be3 Qxb2 20. Bc1 Qxa1 21. Bd2
Qxa2 22. Bb1 Qd5 23. Rd1 Qh5 24. Re1 Rfe8 25. Rc1 Nb3 26. Rd1 Nxd2 27. Rxd2 Rac8
28. h3 Be5 29. Ba2 Rc1+ 30. Rd1 Rxd1+ 31. Ne1 Rxe1# 0-1

[Event "AUTO-ADV-2820"]
[Site "http://www.queenalice.com/game.php?id=1171857"]
[Date "2013.4.15"]
[Round "1"]
[White "thiagobrumchess"]
[Black "ECAoCRUEL"]
[Result "0-1"]
[WhiteElo "1614"]
[BlackElo "1951"]

1. e4 e5 2. Nf3 d6 3. Nc3 Nf6 4. d4 Bg4 5. Be2 Nc6 6. d5 Ne7 7. O-O c6 8. dxc6
Nxc6 9. h3 Bh5 10. Bg5 Be7 11. a3 h6 12. Bh4 O-O 13. Bxf6 Bxf6 14. Nd5 Bg6 15.
Bd3 Nd4 16. c3 Ne6 17. Re1 Nc7 18. c4 Rc8 19. Rb1 Nxd5 20. exd5 Re8 21. Qc2 Bxd3
22. Qxd3 Qd7 23. Re4 Qf5 24. b3 Rc7 25. g4 Qh7 26. Kh2 Bg5 27. Nxg5 hxg5 28. Qf3
Rf8 29. a4 f5 30. Re2 fxg4 31. Qxg4 Qxb1 32. Qxg5 Qxb3 33. Re4 Rxf2+ 34. Kg1 Rf6
35. Rg4 Qd1+ 0-1

[Event "AUTO-ADV-2820"]
[Site "http://www.queenalice.com/game.php?id=1171858"]
[Date "2013.4.15"]
[Round "1"]
[White "ECAoCRUEL"]
[Black "thiagobrumchess"]
[Result "1-0"]
[WhiteElo "1948"]
[BlackElo "1617"]

1. e4 e5 2. Nf3 Nc6 3. Bb5 Nge7 4. d3 a6 5. Ba4 b5 6. Bb3 h6 7. Nc3 d6 8. h3 a5
9. a3 Ng6 10. Nxb5 a4 11. Ba2 Be7 12. O-O O-O 13. Nc3 Kh8 14. Be3 Nh4 15. Nd5
Nxf3+ 16. Qxf3 Be6 17. Rae1 Bg5 18. Qh5 Bxe3 19. Rxe3 Ne7 20. c4 Ng6 21. g3 Qd7
22. Kh2 Kh7 23. Rg1 f5 24. f3 Rab8 25. Rg2 c6 26. Nc3 f4 27. gxf4 Nxf4 28. Qh4
Nxg2 29. Kxg2 Rxb2+ 30. Re2 g5 31. Qg3 Rxe2+ 32. Nxe2 d5 33. cxd5 cxd5 34. Qxe5
Bxh3+ 35. Kf2 dxe4 36. dxe4 Qa7+ 37. Kg3 Qd7 38. Nd4 1-0

[Event "AUTO-ADV-2876"]
[Site "http://www.queenalice.com/game.php?id=1190212"]
[Date "2013.6.12"]
[Round "1"]
[White "Dorges"]
[Black "thiagobrumchess"]
[Result "1-0"]
[WhiteElo "1707"]
[BlackElo "1691"]

1. e4 e5 2. Nf3 Nc6 3. Nc3 Nf6 4. d4 exd4 5. Nxd4 Nxd4 6. Qxd4 d6 7. Bc4 Be7 8.
h3 O-O 9. Bf4 Re8 10. f3 Nh5 11. Be3 Bh4+ 12. Bf2 Nf4 13. O-O-O Nxg2 14. Rhg1
Nf4 15. Qxg7# 1-0

[Event "AUTO-ADV-2876"]
[Site "http://www.queenalice.com/game.php?id=1190213"]
[Date "2013.6.12"]
[Round "1"]
[White "thiagobrumchess"]
[Black "Dorges"]
[Result "0-1"]
[WhiteElo "1601"]
[BlackElo "1710"]

1. e4 e5 2. Nf3 Nc6 3. Bc4 h6 4. Nc3 a6 5. O-O Bc5 6. a3 d6 7. d3 Nf6 8. Bd2 O-O
9. Qc1 Bg4 10. Nh4 Nd4 11. f3 Bh5 12. Bxh6 Ne2+ 13. Kh1 Nxc1 14. Bxc1 Nh7 15.
Nf5 Bg6 16. Bd2 Bxf5 17. exf5 c6 18. Rae1 Re8 19. b4 Bd4 20. Ne2 d5 21. Bb3 Qh4
0-1

[Event "AUTO-ADV-2876"]
[Site "http://www.queenalice.com/game.php?id=1190226"]
[Date "2013.6.12"]
[Round "1"]
[White "filou"]
[Black "thiagobrumchess"]
[Result "1-0"]
[WhiteElo "1893"]
[BlackElo "1606"]

1. e4 e5 2. Nf3 Nc6 3. b3 Bc5 4. Bb2 d6 5. d4 exd4 6. Nxd4 Nge7 7. Nxc6 Nxc6 8.
Be2 O-O 9. O-O Be6 10. c4 Qe7 11. Nd2 Qg5 12. Kh1 Ne5 13. f4 1-0

[Event "AUTO-ADV-2876"]
[Site "http://www.queenalice.com/game.php?id=1190227"]
[Date "2013.6.12"]
[Round "1"]
[White "thiagobrumchess"]
[Black "filou"]
[Result "0-1"]
[WhiteElo "1611"]
[BlackElo "1888"]

1. e4 e5 2. Nf3 Nc6 3. Nc3 Nf6 4. d4 exd4 5. Nxd4 Nxd4 6. Qxd4 c6 7. Bc4 Be7 8.
O-O O-O 9. Bf4 Nh5 10. Be3 b5 11. Bd3 Bb7 12. a3 Qc7 13. Be2 c5 0-1

[Event "AUTO-ADV-2876"]
[Site "http://www.queenalice.com/game.php?id=1190236"]
[Date "2013.6.12"]
[Round "1"]
[White "thiagobrumchess"]
[Black "NeyFLA"]
[Result "1-0"]
[WhiteElo "1663"]
[BlackElo "1459"]

1. e4 e5 2. Nf3 Nc6 3. Nc3 Nf6 4. Bc4 Bc5 5. O-O O-O 6. d3 d6 7. Bg5 Bg4 8. h3
Bh5 9. a3 Nd4 10. b4 Nxf3+ 11. gxf3 h6 12. Bh4 Bd4 13. Qd2 1-0

[Event "AUTO-ADV-2876"]
[Site "http://www.queenalice.com/game.php?id=1190237"]
[Date "2013.6.12"]
[Round "1"]
[White "NeyFLA"]
[Black "thiagobrumchess"]
[Result "0-1"]
[WhiteElo "1451"]
[BlackElo "1671"]

1. d4 d5 2. c4 c6 3. Nc3 Nf6 4. Bf4 e6 5. e3 Bd6 6. Bxd6 Qxd6 7. cxd5 cxd5 8.
Bb5+ Nc6 9. Nf3 O-O 10. O-O Bd7 11. a4 a6 0-1

[Event "Challenge"]
[Site "http://www.queenalice.com/game.php?id=1195047"]
[Date "2013.6.28"]
[Round "-"]
[White "thiagobrumchess"]
[Black "ladyofknight"]
[Result "0-1"]
[WhiteElo "1628"]
[BlackElo "1741"]

1. e4 c5 2. Nf3 d6 3. Nc3 Nf6 4. Bc4 h6 5. O-O a6 6. d4 Nc6 7. d5 Ne5 8. Bb3 Bg4
9. h3 Nxf3+ 10. gxf3 Bxh3 11. Re1 Qc8 12. Bf4 Nh5 13. Bh2 b5 14. a4 e6 15. Qd3
e5 16. axb5 axb5 17. Bg3 c4 18. Rxa8 Qxa8 0-1

[Event "Challenge"]
[Site "http://www.queenalice.com/game.php?id=1195048"]
[Date "2013.6.28"]
[Round "-"]
[White "thiagobrumchess"]
[Black "ladyofknight"]
[Result "0-1"]
[WhiteElo "1640"]
[BlackElo "1729"]

1. e4 c5 2. Nc3 Nc6 3. Nf3 e6 4. Be2 e5 5. O-O Nf6 6. d3 d5 7. exd5 Nxd5 8. Bd2
h6 9. a3 Be7 10. Re1 O-O 11. Rb1 Qd6 12. Bf1 Bd8 13. Qe2 Bg4 14. h3 Bh5 15. Ne4
Qe7 16. Qe3 Nxe3 17. Bxe3 Bxf3 18. gxf3 b6 0-1